| 000 | 01561nam a2200445 c 4500 | ||
|---|---|---|---|
| 001 | 18731 | ||
| 003 | ES-MaCES | ||
| 005 | 20190720040017.0 | ||
| 008 | 060418s2006 sp t 000 | spa d | ||
| 017 |
_aNA 43-2006 _bDL |
||
| 020 | _a8497675762 | ||
| 035 | _aCES20060004004m | ||
| 040 |
_aES-MaCES _bspa _cES-MaCES |
||
| 100 | 1 |
_912021 _aFerradans Caramés, Carmen |
|
| 245 | 1 | 3 |
_aEl contrato de trabajo a tiempo parcial _b: difícil equilibrio entre flexibilidad y seguridad _cCarmen Ferradans Carames ; prólogo, Jesús Cruz Villalón |
| 250 | _a1ª ed | ||
| 260 |
_aCizur Menor (Navarra) _bAranzadi _c2006 |
||
| 300 |
_a306 p. _c25 cm |
||
| 490 | 1 |
_aMonografías Aranzadi _v384. Derecho laboral |
|
| 504 | _aBibliografía: p. 283-297 | ||
| 541 | _cCompra | ||
| 650 | 4 |
_aempleo a tiempo parcial _926772 |
|
| 650 | 4 |
_atrabajador a tiempo parcial _929815 |
|
| 650 | 4 |
_acontrato de trabajo _928316 |
|
| 650 | 4 |
_acondiciones de trabajo _928327 |
|
| 650 | 4 |
_aflexibilidad del trabajo _930174 |
|
| 650 | 4 |
_aseguridad en el empleo _928301 |
|
| 650 | 4 |
_aderecho del trabajo _927165 |
|
| 650 | 4 |
_aderecho comunitario _929866 |
|
| 650 | 4 |
_aEspaña _926964 |
|
| 650 | 4 |
_arégimen jurídico _929894 |
|
| 653 | 1 | 0 | _aDerecho del trabajo y Seguridad Social |
| 650 | 4 |
_926752 _aUE |
|
| 700 | 1 |
_aCruz Villalón, Jesús _ecol. _910216 |
|
| 830 | 0 |
_aMonografías Aranzadi _v384 _932673 |
|
| 830 | 0 |
_aMonografías Aranzadi _pDerecho laboral _933164 |
|
| 902 | _aLIB Libro | ||
| 942 |
_2CES _cBK _h6.0.1. |
||
| 999 |
_c18731 _d18731 |
||